000 01100nam a2200301 i 4500
003 EG-GICUC
005 20260122191539.0
008 260122s1958 ua ||||fr|||| 00| 0 ara d
040 _a EG-GICUC
_bara
_c EG-GICUC
_d EG-GICUC
_erda
041 0 _aara
082 0 4 _221
_a345.7
_bح س . ن
092 0 4 _221
099 _aLaw1 07 345.7 ح س . ن 1 ed - 1958
100 0 _aحسين درويش عبدالعال
_eمؤلف.
245 1 2 _aالنظرية العامة فى العقود الإدارية.
_nالجزء الثاني /
_cحسين درويش عبدالعال.
250 _aالطبعة الاولي
264 1 _aالقاهرة :
_bدار النهضة العربية،
_c1958.
300 _a213 ؛ صفحة
_c24 سم.
336 _2rda content
_atext
337 _2rda media
_aComputer
338 _2rda carrier
_aOnline Resource
546 _aالنص باللغة العربية
650 1 4 _aالعقود الإدارية
650 1 4 _aالقانون الإداري
856 4 0 _uhttps://fll.law.cu.edu.eg/fulltext/bks/B07-02974.pdf
905 _a77
942 _2ddc
_n0
_cBK
_e21
999 _c58711
_d58711